[Event "Bohemia South-chT 0405"]
[Site "Czech Republic"]
[Date "2004.??.??"]
[Round "?"]
[White "Spicak, Petr"]
[Black "Urban, Vlastimil"]
[Result "0-1"]
[WhiteElo "1720"]
[BlackElo "2050"]
[PlyCount "32"]
[EventDate "2004.10.??"]
[EventType "team"]
[EventRounds "11"]
[EventCountry "CZE"]
[SourceTitle "EXT 2007"]
[Source "ChessBase"]
[SourceDate "2006.11.23"]
[SourceVersion "1"]
[SourceVersionDate "2006.11.23"]
[SourceQuality "1"]

1. e4 e6 2. d4 d5 3. e5 c5 4. c3 Qb6 5. Bd3 Nc6 6. Ne2 Bd7 7. Bc2 Be7 8. a3 cxd4 9. cxd4 f6 10. f4 Nh6 11. Qd3 Nf5 12. Nbc3 Nfxd4 13. Na4 Nxc2+ 14. Qxc2 Qa6 15. exf6 Bxf6 16. 0-0 Nd4 0-1